| 000 | 00000nam##2200000za#4500 |
| 001 | 9.625523 |
| 003 | CaOODSP |
| 005 | 20200706134930 |
| 007 | ta |
| 008 | 150406|2001||||xxc||||| f|0| 0 fre|d |
| 020 | |a0-660-96462-7 |
| 022 | |a1200-5231 |
| 040 | |aCaOODSP|bfre |
| 043 | |an-cn--- |
| 086 | 1 |aCS11-0019/163F |
| 245 | 00|aL'incidence de la mobilité interprovinciale sur les gains des particuliers : |bestimations de modèles par panel pour le Canada / |cpar Ross Finnie. |
| 260 | |aOttawa - Ontario : |bStatistique Canada. |c2001. |
| 300 | |a43p. : |bfigures, références, tableaux ; |c28 cm. |
| 490 | 1 |aDocuments de recherche|x1200-5231|vN° 163 |
| 500 | |a«Cet article vise donc à exploiter la Banque de données administrative longitudinales (BDAL) créée par Statistique Canada à partir des dossiers de déclarations de Revenu Canada et mise à la disposition des utilisateurs depuis peu en vue de traiter un aspect particulier de la question: l'incidence de la mobilité interprovinciale sur les gains des particuliers.»--Introduction. |
| 563 | |aCouverture souple |
| 590 | |a01-45|b2001-11-09 |
| 691 | 07|aMigration interne|2gcpds |
| 691 | 07|aPolitique sociale|2gcpds |
| 710 | 2 |aStatistique Canada. |bDirection des études analytiques. |
| 720 | 1 |aFinnie, Ross |
| 775 | 08|tThe effects of inter-provincial mobility on individuals' earnings : |w(CaOODSP)9.615439 |
| 776 | 0#|tL'incidence de la mobilité interprovinciale sur les gains des particuliers : |w(CaOODSP)9.590787 |
| 830 | #0|aDocuments de recherche,|x1200-5231|vN° 163|w(CaOODSP)9.512877 |